000 01166nam0a2200325 4500
001 RU\NLR\BIBL_A\010575156
005 20260406095825.0
010 _a978-5-91282-669-6
_bЛеда
010 _a978-5-00033-283-2
_bАлфея
_97000
021 _aRU
_b2014-82814
_95029
035 _a(NLR Aleph) 010575156
090 _a10438561
_c10438561
100 _a20140929d2014 |||y0rusy50 ca
101 0 _arus
102 _aRU
105 _aa|||z|||000gy
200 1 _aЗверята
_e[стихи
_eдля чтения взрослыми детям дошкольного возраста
_fЕ.С. Аксаментова, М.Б. Чистякова]
210 _aСмоленск
_cЛеда
_d2014
215 _a[9] с.
_cцв. ил.
_d14
225 1 _aСерия "Веселые глазки"
300 _aАвт. указаны в вып. дан.
333 _a0+
686 0 _aШ9(2)60=Р7-5
700 1 _aАксаментова
_bЕ. С
701 1 _8rus
_7ca
_aЧистякова
_bМ. Б.
_cпоэт
_gМария Борисовна
_3RU\NLR\AUTH\7774183
_957111
942 _cBOOK
980 _aNB